Instructor's Manual for Contemporary Cases in Marketing

Na minha lista:
Detalhes bibliográficos
Autor principal: Talarzyk, W. Wayne
Outros Autores: Hartig, Jeannie
Formato: Livro
Idioma:inglês
Publicado em: Chicago The Dryden Press 1983
Edição:3. ed.
Assuntos:
Tags: Adicionar Tag
Sem tags, seja o primeiro a adicionar uma tag!

MARC

LEADER 00000nam a2200000 4500
001 c010792
005 20221207073704.5
020 |a 0-03-062614-5 
041 0 |a eng 
044 |a US 
245 1 0 |a Instructor's Manual for Contemporary Cases in Marketing  |c W.Wayne Talarzyk, Jeannie Hartig 
250 |a 3. ed. 
264 1 |a Chicago  |b The Dryden Press  |c 1983 
300 |a 237 s. 
610 2 0 |a marketing 
610 2 0 |a prostredie ekonomické 
610 2 0 |a prognózovanie 
610 2 0 |a plánovanie 
610 2 0 |a modely trhu 
610 2 0 |a štúdie prípadové 
100 1 |a Talarzyk, W. Wayne 
700 1 |a Hartig, Jeannie